000 00587nam a2200181 i 4500
001 47034
003 ES-MaACL
005 20230906161505.0
007 t|
008 030403s1977 sp ||||1| spa d
110 2 _aURSS.
_97521
240 1 0 _aKonstitutsiia.
_f1977
245 1 0 _aConstitución
_b: (Ley fundamental) de la Unión de Repúblicas Socialistas Soviéticas /
_cinforme de L. I. Brezhnev... el 4 de octubre de 1977.
260 _aMadrid :
_bRubiños,
_c1977.
300 _a110 p. ;
_c18 cm.
700 1 _aBrezhnev, Leónidas I.
_931664
852 _aES-MaACL
_jA-7697
_bR.96778
999 _c47034
_d47034